Ανάλυση χρηματοοικονομικών καταστάσεων
Αποθηκεύτηκε σε:
| Κύριος συγγραφέας: | |
|---|---|
| Μορφή: | Βιβλίο |
| Γλώσσα: | Greek |
| Δημοσίευση: |
Αθήνα :
Interbooks,
1994.
|
| Θέματα: | |
| Ετικέτες: |
Προσθήκη ετικέτας
Δεν υπάρχουν, Καταχωρήστε ετικέτα πρώτοι!
|
MARC
| LEADER | 00000cam a2200000 i 4500 | ||
|---|---|---|---|
| 001 | 1/22029 | ||
| 008 | 941114s1994 gr | ||| |||| ||gre|| | ||
| 020 | |z 9603900240 | ||
| 035 | |l 10021823 | ||
| 040 | |a GR-MyUA |b gre |e AACR2 | ||
| 041 | 0 | |a gre | |
| 082 | 0 | |a 658.15 | |
| 100 | 1 | |a Κάντζος, Κωνσταντίνος. | |
| 245 | 1 | 0 | |a Ανάλυση χρηματοοικονομικών καταστάσεων / |c Κ. Κάντζος. |
| 260 | |a Αθήνα : |b Interbooks, |c 1994. | ||
| 504 | |a Περιέχει ευρετήριο. | ||
| 650 | 0 | 0 | |a Finance. |
| 650 | 0 | 0 | |a Business enterprises |x Finance. |
| 852 | |a INST |b CHIOS |e 19960520 |h 658.15 ΚΑΝ |p 005200003791 |q 005200003791 |t BK |y 0 | ||
| 852 | |a INST |b CHIOS |e 19941114 |h 658.15 ΚΑΝ |p 005200004011 |q 005200004011 |t BK |y 0 | ||
| 852 | |a INST |b CHIOS |e 19960925 |h 658.15 ΚΑΝ |p 005200011579 |q 005200011579 |t BK |y 0 | ||
| 852 | |a INST |b CHIOS |e 20000223 |h 658.15 ΚΑΝ |p 005200018522 |q 005200018522 |t BK |y 4 |x 20110705 | ||
| 852 | |a INST |b LESVOS |e 20010124 |h 658.15 ΚΑΝ |p 005100029405 |q 005100029405 |t BK |y 0 | ||
| 852 | |a INST |b RHODES |e 20010329 |h 658.15 ΚΑΝ |p 005400017037 |q 005400017037 |t BK |y 0 | ||
| 852 | |a INST |b SAMOS |e 20010220 |h 658.15 ΚΑΝ |p 005300021656 |q 005300021656 |t BK |y 0 | ||
| 901 | |a BIBL3-2001-1 | ||
| 901 | |a BIBL4-2001-1 | ||
| 909 | |a Σ |b 085817 | ||
| 909 | |a Χ |b 032697 | ||
| 909 | |a Χ |b 037269 | ||
| 909 | |a Χ |b 045300 | ||
| 909 | |a Χ |b 074559 | ||
| 909 | |a Λ |b 084667 | ||
| 909 | |a Ρ |b 084981 | ||